| 000 | 01022nam a22003137a 4500 | ||
|---|---|---|---|
| 003 | CHAP | ||
| 005 | 20220329134229.0 | ||
| 008 | 971013s1970 r 00010 d | ||
| 010 | _a17325 | ||
| 011 | _a18297 | ||
| 035 | _a22382 | ||
| 040 | _cCHAP | ||
| 090 | _aTesis | ||
| 100 | 0 | 0 |
_aJohnson Gleason, Eduardo Lee. _961785 |
| 245 | _aMorfogénesis y clasificación de algunos perfiles de suelos derivados de cenizas volcánicas del pico de Orizaba, Puebla y Veracruz | ||
| 260 |
_aMéxico, D.F., : _bEl autor, _c1970 |
||
| 300 |
_a78 h. _b: ilus. ; mapas |
||
| 502 | _aTesis (Biólogo) -- UNAM. Fac. de Ciencias | ||
| 590 |
_aALEPH _b10 _c20130110 _lUCH01 _h1240 |
||
| 590 |
_aBATCH-UPD _b10 _c20130110 _lUCH01 _h1850 |
||
| 590 |
_aCONVERSION _b10 _c20130109 _lUCH01 _h1311 |
||
| 650 | 1 | 4 |
_aSuelos y clima. _9110569 |
| 650 | 1 | 4 |
_aSuelos y cultivos. _9110571 |
| 650 | 1 | 4 |
_aSuelos _xPuebla. _9110466 |
| 650 | 1 | 4 |
_aSuelos _zVeracruz. _9110530 |
| 901 | _aBK | ||
| 942 | _cTESIS | ||
| 949 |
_bBC _cTES _d-52382 _eTS1 _i22382 _si |
||
| 999 |
_c17325 _d17325 |
||